Pharmacology in Nursing (Record no. 153139)
[ view plain ]
| 000 -LEADER | |
|---|---|
| fixed length control field | 00286nam a2200121Ia 4500 |
| 008 - FIXED-LENGTH DATA ELEMENTS--GENERAL INFORMATION | |
| fixed length control field | 230411s9999 xx 000 0 und d |
| 041 ## - LANGUAGE CODE | |
| Language code of text/sound track or separate title | eng |
| 082 ## - DEWEY DECIMAL CLASSIFICATION NUMBER | |
| Classification number | PH/615.1/KRU/B01898 |
| 100 ## - MAIN ENTRY--PERSONAL NAME | |
| Personal name | Krug E |
| 9 (RLIN) | 177096 |
| 245 ## - TITLE STATEMENT | |
| Title | Pharmacology in Nursing |
| 260 ## - PUBLICATION, DISTRIBUTION, ETC. (IMPRINT) | |
| Name of publisher, distributor, etc. | Mosby |
| Withdrawn status | Lost status | Damaged status | Not for loan | Collection code | Home library | Current library | Date acquired | Vendor | Cost, normal purchase price | Total Checkouts | Full call number | Barcode | Date last seen | Cost, replacement price | Bill Date | Koha item type | Original Barcode |
|---|---|---|---|---|---|---|---|---|---|---|---|---|---|---|---|---|---|
| Smt. Bakul Tambat Institute of Nursing Education | Smt. Bakul Tambat Institute of Nursing Education | 27/07/2004 | Deccan Book Stall / | 300.00 | PH 615.1 KRU B01898 | BTIN-BK-1898 | 11/04/2023 | 300.00 | 27/07/2004 | Books | B01898 |